| 000 | 01244nmc a2200397 a 4500 | ||
|---|---|---|---|
| 003 | AR-BaBNM | ||
| 005 | 20251128203940.0 | ||
| 008 | 011101s1995 ||||||||||||||000 | spa|| | ||
| 020 | _a950-550-185-4 | ||
| 040 | _cAR-BaBNM | ||
| 100 | 1 | _aDevalle de Rendo, Alicia | |
| 245 | 1 | 0 |
_aLa capacitación docente _b¿una práctica sin evaluación? |
| 260 |
_aBuenos Aires _bMagisterio del Río de la Plata _c1995 |
||
| 300 |
_a184 p. _bil., gráfs., mapas |
||
| 490 | 0 | _aRespuestas educativas | |
| 500 | _aContiene Anexos p. 155-184 | ||
| 504 | _aCitas bibliográficas p. 152-154 | ||
| 650 | 4 | _aFORMACION DE DOCENTES | |
| 650 | 4 | _aPROGRAMAS DE FORMACION | |
| 650 | 4 | _aEVALUACION DE UN PROCESO EXPERIMENTAL | |
| 650 | 4 | _aEDUCACION ESPECIAL | |
| 650 | 4 | _aFORMACION POR MODULOS | |
| 650 | 4 | _aOBJETIVOS DE LA FORMACION | |
| 650 | 4 | _aESCUELAS PUBLICAS | |
| 650 | 4 | _aCALIDAD DE LA EDUCACION | |
| 650 | 4 | _aENSENANZA DE LA HISTORIA | |
| 650 | 4 | _aSOCIALIZACION | |
| 650 | 4 | _aDESARROLLO PROFESIONAL | |
| 653 | _aLEY FEDERAL DE EDUCACION | ||
| 653 | _aCAPACITACION DOCENTE | ||
| 653 | _aEVALUACION EDUCATIVA | ||
| 700 | 1 | _aVega, Viviana | |
| 800 | 1 |
_aStarico de Accomo, Mabel Nelly _edirector |
|
| 942 | _cBK | ||
| 998 | _cCarmen | ||
| 999 |
_c5581 _d5581 |
||